Générique Boy Girl etc. - Paroles - Statistiques

Statistiques générales
  • Ce quiz a été pris 38 fois
  • Le résultat moyen est 9 sur 12
Statistiques - réponses
Paroles % Correct
Rien ne nous fait {peur}
85%
Unis pour la {vie}
85%
Ça c’est ma {famille}
82%
Comme frères et {soeurs}
82%
Tous pour {un}
82%
Un pour {tous}
82%
Boy Girl Dog Cat Mouse {Cheese} !
79%
Boy Girl Dog Cat Mouse {Cheese} !
79%
{Boy} !
67%
Si tout va de {travers}
64%
{Girl} !
55%
Y'a pas de {galère}
45%
Aucun quiz correspondant
Distribution des résultats
% des personnes avec chaque résultat
Percentile par nombre de réponses
Votre historique - résultats
Vous n’avez pas pris ce quiz